[Event "Challenge"]
[Site "http://www.queenalice.com/game.php?id=187637"]
[Date "2007.3.25"]
[Round "-"]
[White "sunking"]
[Black "Barna"]
[Result "1-0"]
[WhiteElo "1100"]
[BlackElo "1100"]

1. e4 d5 2. e5 e6 3. d4 Nc6 4. c3 h6 5. Nf3 b6 6. Nh4 Qxh4 7. g3 Qe4+ 8. Be3
Qxh1 9. f3 Ba6 10. Nd2 Bxf1 11. Nxf1 Qg2 12. f4 Qxb2 13. Rb1 Qxc3+ 14. Qd2 Qxd2+
15. Bxd2 Nxd4 16. Ne3 Nf3+ 17. Ke2 Nxh2 18. a4 d4 19. Nc4 Ne7 20. Kd3 1-0

[Event "Invitation"]
[Site "http://www.queenalice.com/game.php?id=189458"]
[Date "2007.3.29"]
[Round "-"]
[White "Barna"]
[Black "Renatochess"]
[Result "1-0"]
[WhiteElo "1045"]
[BlackElo "1403"]

1. e4 e5 2. d3 Nc6 3. Nf3 Bc5 4. b3 Qf6 5. Bg5 Qg6 6. Nc3 d6 7. h3 Ba3 8. Nd5
Bb4+ 9. Nxb4 Nxb4 10. Qd2 Nc6 11. Qc3 h6 12. Be3 Nf6 13. b4 O-O 14. b5 Ne7 15.
Qxc7 Re8 16. Qxd6 Nd7 17. Qxg6 fxg6 18. Be2 Nf6 19. Nxe5 Be6 20. Bg4 Bf7 21. a4
Rac8 22. Bxc8 Nxc8 23. Nxf7 Kxf7 24. Ra3 b6 25. Rc3 Nd6 26. Bd4 Ndxe4 27. dxe4
Nxe4 28. Re3 Nd6 29. Rxe8 Kxe8 30. Bxg7 Nf5 31. Be5 Ne7 32. O-O Nd5 33. Re1 Kd7
34. Rd1 Ke6 35. c4 Nb4 36. f4 1-0

[Event "Challenge"]
[Site "http://www.queenalice.com/game.php?id=191643"]
[Date "2007.4.4"]
[Round "-"]
[White "Barna"]
[Black "sunking"]
[Result "1-0"]
[WhiteElo "1000"]
[BlackElo "1439"]

1. e3 d5 2. Nc3 Qd6 3. Nf3 e5 4. Nb5 Qc5 5. Nxe5 f6 6. d4 Qb4+ 7. Qd2 Qd6 8.
Nxd6+ cxd6 9. Qc3 Ne7 10. Nd3 Bf5 11. Nf4 g5 12. Bb5+ Kf7 13. Qc7 Na6 14. Qxb7
Bh6 15. Bxa6 Rab8 16. Qc7 gxf4 17. exf4 Rb4 18. c3 Rbb8 19. O-O Rhe8 20. Re1 Kg6
21. Bb5 Rxb5 22. Rxe7 Rbb8 23. Bd2 Rf8 24. b3 Kh5 25. f3 Bd3 26. Qxd6 Rbd8 27.
Qe6 Rde8 28. Qg4# 1-0

[Event "Challenge"]
[Site "http://www.queenalice.com/game.php?id=191644"]
[Date "2007.4.4"]
[Round "-"]
[White "IsraelRibeiro"]
[Black "Barna"]
[Result "0-1"]
[WhiteElo "1407"]
[BlackElo "1000"]

1. e3 e5 2. Nh3 f6 3. g4 d6 4. Qf3 Bd7 5. g5 fxg5 6. Qxb7 Bc6 7. Qb4 Bxh1 8. e4
Nc6 9. Qb7 Bxe4 10. Nc3 Rb8 11. Qa6 Nb4 12. Qxa7 Nxc2+ 13. Kd1 Nxa1 14. Nxe4 Ra8
15. Qe3 Rxa2 16. Nhxg5 Qd7 17. Bc4 Ra4 18. Nf7 Rxc4 19. Nxh8 Qa4+ 20. Ke1 Rxe4
21. b3 Qc6 22. Bb2 Nc2+ 23. Kf1 Nxe3+ 24. dxe3 Qa6+ 25. Kg2 Qe2 26. Bc3 Rxe3 27.
Ba5 Rf3 28. Kg1 Rxf2 29. Bxc7 Qf1# 0-1

[Event "Invitation"]
[Site "http://www.queenalice.com/game.php?id=191807"]
[Date "2007.4.4"]
[Round "-"]
[White "Barna"]
[Black "t0shiz"]
[Result "0-1"]
[WhiteElo "1100"]
[BlackElo "1100"]

1. e4 d5 2. e5 e6 3. d4 Nc6 4. Nf3 Bb4+ 5. c3 Be7 6. h4 f6 7. exf6 Nxf6 8. g3
O-O 9. Bh3 b6 10. Ng5 Qd6 11. Qe2 Ne4 12. Nxe4 dxe4 13. Qxe4 e5 14. d5 Qg6 15.
Qxg6 hxg6 16. Bxc8 Raxc8 17. dxc6 Bc5 18. Be3 e4 19. Bxc5 bxc5 20. Nd2 Rce8 21.
O-O-O Rxf2 22. Rde1 Rd8 23. Nxe4 Rf3 24. Rhg1 Rb8 25. Ng5 Rf2 26. b3 Rxa2 27.
Kb1 Ra3 28. Ne6 Rbxb3+ 29. Kc2 Rxc3+ 30. Kb2 Rcb3+ 31. Kc2 c4 32. Ra1 Rc3+ 33.
Kb2 Rab3+ 34. Ka2 Rc2# 0-1

[Event "DeVoltaAoPlanelaDosMacacos"]
[Site "http://www.queenalice.com/game.php?id=195630"]
[Date "2007.4.12"]
[Round "-"]
[White "AMiller2"]
[Black "Barna"]
[Result "1-0"]
[WhiteElo "1174"]
[BlackElo "1013"]

1. e4 e5 2. Bd3 Nf6 3. Nf3 d6 4. O-O a6 5. a4 Nc6 6. Re1 Nb4 7. a5 c5 8. Nc3
Nxd3 9. cxd3 g6 10. Ng5 Ng4 11. h4 h5 12. Qb3 Qf6 13. Nd5 Qd8 14. Nb6 Rb8 15.
Qxf7# 1-0

[Event "Challenge"]
[Site "http://www.queenalice.com/game.php?id=196831"]
[Date "2007.4.14"]
[Round "-"]
[White "Barna"]
[Black "Tlaloc2k"]
[Result "1-0"]
[WhiteElo "1000"]
[BlackElo "1589"]

1. e4 e5 2. Nf3 Nc6 3. Bc4 h6 4. a3 Bc5 5. b4 Bd6 6. g3 Nf6 7. d3 Nd4 8. Nxd4
exd4 9. Bb2 Be5 10. Qf3 d6 11. Qe2 O-O 12. f4 Bg4 13. Qf2 d5 14. fxe5 dxe4 15.
exf6 Bf3 16. Rf1 Qxf6 17. Bxd4 Qf5 18. Nd2 Rae8 19. dxe4 Bxe4 20. O-O-O Bxc2 21.
Qxf5 Bxf5 22. Rxf5 g6 23. Rf3 1-0

[Event "Challenge"]
[Site "http://www.queenalice.com/game.php?id=197092"]
[Date "2007.4.15"]
[Round "-"]
[White "Barna"]
[Black "lmbagolin"]
[Result "0-1"]
[WhiteElo "1176"]
[BlackElo "1545"]

1. e4 e5 2. Nf3 Nc6 3. Nc3 Nf6 4. d3 h6 5. d4 d6 6. dxe5 dxe5 7. Qxd8+ Kxd8 8.
Bc4 b6 9. O-O Bg4 10. h3 Bxf3 11. gxf3 Nd4 12. Rd1 Bc5 13. Nb5 Ke7 14. Nxd4 Bxd4
15. c3 Bc5 16. b4 Bd6 17. Be3 a5 18. bxa5 Rxa5 19. a4 g5 20. Kf1 Nh5 21. Be2 Nf4
22. Bxf4 exf4 23. Rd4 h5 24. Bb5 g4 25. h4 g3 26. fxg3 fxg3 27. Kg2 Rh6 28. Rf1
Be5 29. Rd3 c5 30. f4 Bd6 31. Kxg3 Rg6+ 32. Kf2 Rg4 33. Ke3 Rxh4 34. e5 Bc7 0-1

[Event "Segunda..."]
[Site "http://www.queenalice.com/game.php?id=197706"]
[Date "2007.4.16"]
[Round "-"]
[White "IsraelRibeiro"]
[Black "Barna"]
[Result "0-1"]
[WhiteElo "1429"]
[BlackElo "965"]

1. e4 e5 2. Nh3 Bc5 3. Bc4 Qf6 4. Qf3 Qg6 5. O-O d6 6. Nc3 Nh6 7. Nb5 Na6 8. a3
c6 9. Nc3 Bg4 10. Qg3 Bd4 11. d3 Rf8 12. Bxh6 gxh6 13. Qh4 Bf3 14. Rae1 Qxg2#
0-1

[Event "Partida"]
[Site "http://www.queenalice.com/game.php?id=198521"]
[Date "2007.4.17"]
[Round "-"]
[White "alarangeiras"]
[Black "Barna"]
[Result "1-0"]
[WhiteElo "1088"]
[BlackElo "1000"]

1. e4 e5 2. Nf3 Qf6 3. Nc3 Bc5 4. Nd5 Qd6 5. Bc4 c6 6. Ng5 cxd5 7. Bxd5 Nh6 8.
Qf3 O-O 9. d3 Qg6 10. Nh3 d6 11. Bg5 Be6 12. Be7 Re8 13. Nf4 exf4 14. Qxf4 Bxd5
15. O-O-O Rxe7 16. exd5 Ng4 17. Rde1 Rxe1+ 18. Rxe1 Bxf2 19. Re8# 1-0

[Event "Challenge"]
[Site "http://www.queenalice.com/game.php?id=201677"]
[Date "2007.4.24"]
[Round "-"]
[White "Barna"]
[Black "luizachess"]
[Result "1-0"]
[WhiteElo "1132"]
[BlackElo "1208"]

1. e4 d6 2. Qf3 h5 3. Bc4 Bg4 4. Qxf7+ Kd7 5. f3 Nh6 6. Qg6 a6 7. fxg4 Kc6 8.
Qxh5 g6 9. Qd5+ Kb6 10. d3 Nxg4 11. h3 Ne3 12. Bxe3+ c5 13. Bxc5+ Kc7 14. Nf3
dxc5 15. Qe5+ Kc8 16. Qxh8 b5 17. Be6+ Kc7 18. Qe5+ Qd6 19. Qxd6+ Kxd6 20. Bd5
Ra7 21. Rf1 Bg7 22. Ng5 Ke5 23. Nd2 Kd6 24. c4 Bxb2 25. Rb1 Nd7 26. Rxb2 Ne5 27.
Nf7+ Nxf7 28. Bxf7 e6 29. Bxg6 Rg7 30. Bf7 Ke7 31. Bh5 Rxg2 32. cxb5 axb5 33.
Rxb5 Kd6 34. Nc4+ Kc6 35. Be8+ Kc7 36. Rf7+ Kc8 37. Nd6+ Kd8 38. Rb8# 1-0

[Event "Challenge"]
[Site "http://www.queenalice.com/game.php?id=201678"]
[Date "2007.4.24"]
[Round "-"]
[White "Barna"]
[Black "Lord"]
[Result "1-0"]
[WhiteElo "1095"]
[BlackElo "1286"]

1. e4 e5 2. Qf3 f6 3. Qh5+ g6 4. Qf3 b6 5. Nc3 Ba6 6. Bxa6 Nxa6 7. a3 Nh6 8. Nd5
c6 9. Nxf6+ Kf7 10. Nxd7+ Ke8 11. Nxe5 Bd6 12. d4 c5 13. Bxh6 cxd4 14. Qf7# 1-0

[Event "Challenge"]
[Site "http://www.queenalice.com/game.php?id=203481"]
[Date "2007.4.28"]
[Round "-"]
[White "Barna"]
[Black "lica"]
[Result "1-0"]
[WhiteElo "1159"]
[BlackElo "1344"]

1. e4 e5 2. Qf3 Nf6 3. Bc4 Nc6 4. g4 Nd4 5. Qd1 Nxe4 6. c3 Nxf2 7. Kxf2 Qh4+ 8.
Kg2 b5 9. cxd4 bxc4 10. dxe5 Bb7+ 11. Nf3 Qxg4+ 12. Kf2 Bc5+ 13. d4 Bxf3 14.
Qxf3 Bxd4+ 15. Be3 Bxe3+ 16. Kxe3 Qg5+ 17. Kf2 Rb8 18. b3 O-O 19. bxc4 Qxe5 20.
Nd2 Rb2 21. Rad1 Rxa2 22. Qe3 Qf5+ 23. Ke1 d5 24. Rf1 Qg5 25. Qxg5 Ra3 26. Rg1
dxc4 27. Qxg7# 1-0

[Event "Challenge"]
[Site "http://www.queenalice.com/game.php?id=203483"]
[Date "2007.4.28"]
[Round "-"]
[White "Barna"]
[Black "magdaandreia"]
[Result "0-1"]
[WhiteElo "1173"]
[BlackElo "1450"]

1. e4 e5 2. Qf3 Nh6 3. Bc4 Bc5 4. d3 O-O 5. Qg3 Qf6 6. Nf3 Nc6 7. Bg5 Qd6 8. Nh4
Nd4 9. Bxh6 g6 10. Bxf8 Qxf8 11. Kd2 b5 12. Bd5 Rb8 13. Qxe5 d6 14. Qf6 Qg7 15.
Qd8+ Qf8 16. Qxc7 Bg4 17. c3 Ne2 18. f3 Rc8 19. Qa5 Qe7 0-1

[Event "Challenge"]
[Site "http://www.queenalice.com/game.php?id=203814"]
[Date "2007.4.29"]
[Round "-"]
[White "Barna"]
[Black "pabloitu"]
[Result "0-1"]
[WhiteElo "1188"]
[BlackElo "1343"]

1. e4 e5 2. Qf3 f6 3. Nc3 Nc6 4. a3 Nd4 5. Qd3 Bc5 6. b4 Bd6 7. Nb5 Nxb5 8. Qxb5
c6 9. Qd3 Ke7 10. c4 b5 11. c5 Qc7 12. cxd6+ Qxd6 13. Qxd6+ Kxd6 14. Nf3 a5 15.
bxa5 Rxa5 16. d4 exd4 17. Nxd4 Ra4 18. Nf5+ Ke5 19. Bd3 d5 20. f4+ Ke6 21. Nxg7+
Kf7 22. Nh5 Rd4 0-1

[Event "Challenge"]
[Site "http://www.queenalice.com/game.php?id=216603"]
[Date "2007.5.26"]
[Round "-"]
[White "technicaldraw"]
[Black "Barna"]
[Result "1-0"]
[WhiteElo "2131"]
[BlackElo "1159"]

1. e4 e5 2. Nf3 Qf6 3. Nc3 c6 4. Bc4 Bc5 5. d3 g5 6. Bxg5 Qg6 7. Qd2 h6 8. O-O-O
hxg5 9. Nxe5 Qf6 10. Nxf7 Rh7 11. Nxg5 b5 12. Nxh7 Qg6 13. Bxg8 Qxg8 14. Nf6+
1-0

[Event "Challenge"]
[Site "http://www.queenalice.com/game.php?id=216969"]
[Date "2007.5.27"]
[Round "-"]
[White "Barna"]
[Black "alexnu"]
[Result "0-1"]
[WhiteElo "1173"]
[BlackElo "1646"]

1. e4 e5 2. d4 exd4 3. Qxd4 Nc6 4. Qe3 Bb4+ 5. Bd2 Qe7 6. a3 Bc5 7. Qd3 Nf6 8.
f3 Ne5 9. Qc3 d6 10. b4 Bb6 11. a4 a5 12. b5 d5 13. Ne2 dxe4 14. fxe4 Nxe4 15.
Qb2 Bf2+ 16. Kd1 Bg4 17. Nc3 Nxd2 0-1